Größte Städte Kanadas - Statistiken

Allgemein
  • Dieses Quiz wurde 9.385 mal gespielt
  • Das Durchschnittsergebnis liegt bei 7 aus 24
Antwortstatistiken
Bevölkerung Stadt % Korrekt
2'731'579 Toronto
93%
934'243 Ottawa
88%
631'486 Vancouver
86%
1'704'694 Montreal
78%
531'902 Québec
66%
1'239'220 Calgary
54%
932'546 Edmonton
52%
705'224 Winnipeg
44%
403'131 Halifax
29%
215'106 Regina
20%
383'822 London
19%
536'917 Hamilton
18%
233'222 Saskatoon
17%
721'599 Mississauga
13%
217'188 Windsor
9%
232'755 Kitchener
8%
593'638 Brampton
6%
517'887 Surrey
6%
276'245 Gatineau
5%
422'993 Laval
5%
239'700 Burnaby
4%
328'966 Markham
4%
306'233 Vaughan
4%
246'376 Longueuil
2%
Keine übereinstimmenden Quizze gefunden
Verteilung der Resultate
Anzahl Personen mit jedem Resultat
Perzentil nach korrekt beantworteten Fragen
Ihre Resultats-Entwicklung
Sie haben dieses Quiz noch nicht gespielt